Optic neuropathies - Statistics

General Stats
  • This quiz has been taken 56 times
  • The average score is 5 of 18
Answer Stats
Hint Answer % Correct
Optic disc drusen cause what kind of scotoma? (Hint: similar to glaucoma) Arcuate (Inf. Nas.)
72%
Your patient has proptosis, neuopathy, and irregular eye movements. Blood tests show increased T3 and T4. What is the cause? Thyroid Eye Disease
58%
Normal ESR for a 40 year old female. (Hint: normal Male = age/2, normal female = (age+10/2)) 25
56%
Loss of spontaneous venous pulsation is associated with increased what? Intracranial pressure
46%
Your patient has optic neuopathy and a bullseye rash after hiking. What is the likely cause? Lyme disease
30%
Your patient is a heavy drinker with optic neuopathy. He tests positive for pernicious anemia. What type of neuropathy does he have? Nutritional neuropathy
30%
Idiopathic Intracranial Hypertension (IIH) is found mainly in what group? (2 words) Obese Women
30%
GCA, polyarteritis nodosa, and lupus could all cause this emergency neuropathy. (use abbreviation) AAION
28%
What class of drug used to lower IOPs also lowers intracranial pressure? CAI
28%
This condition causes decreased color vision and contrast sensitivity. It is also the most common cause of a RAPD. Multiple sclerosis
26%
Tilted discs can cause a defects bilaterally in which quadrant? Superior Temporal
26%
Your 9 year old patient has progressive vision loss OD with diplopia. An MRI reveals a mass on the optic nerve. What is the cause? Optic nerve glioma
22%
Cerebral Spinal fluid is made where in the brain? Choroid plexus
18%
What range is considered to be borderline high for intracranial pressure? 200-250
10%
In this stable condition, the patient has an extra large optic nerve and blind spot. Megalopapilla
10%
An absent septum pellucidum and a thinning corpus collosum are associated with which neuopathy? Optic nerve hypoplasia
8%
Peripapillary staphyloma causes thinning of the retina near the ONH and is associated with what type of scotoma? Cecocentral
6%
What hereditary optic neuopathy is the most common and starts from 4-6 years of age? Autosomal dominant optic neuopathy
4%
No matching quizzes found
Score Distribution
Percent of People with Each Score
Percentile by Number Answered
Your Score History
You have not taken this quiz